00646nam a22001937a 450000500170000000800410001702000290005804000190008704100120010608200160011810000190013424501190015326000420027230000230031450400330033765000440037070000280041485000100044220010101064415.0010101b xxu||||| |||| 00| 0 eng d a9780571222605cGBP 10.50 aLoreto College aEnglish a821.91bTHO aThomas, Edward aCollected poems and War Diary, 1917cEdward Thomas. Edited by R. George Thomas with an introduction by Peter Sacks aLondonbFaber and Faber Limitedc2004 axlviii,264pb22 cm aIncludes index of first line aPoetryvPoetry in Englishy20th Century 4ed.aThomas, R. George  aLCLIB